000 00282nam a22001337a 4500
008 170425b xxu||||| |||| 00| 0 eng d
020 _a9780321949912
041 _aeng
080 _213TH
_a54
100 _a12
101 _aSHM
245 _aCHEMISTRY
_cBROWN, W
942 _2udc
_cBK
999 _c11946
_d11946